| 000 | 00930cab a2200253 4500 | ||
|---|---|---|---|
| 001 | WB3334-18 | ||
| 008 | 090401t1997 xxu||||| |||| 00| 0 eng d | ||
| 035 | _a(Sirsi) u80605 | ||
| 041 | _aeng | ||
| 245 | _aCollective enfranchisement | ||
| 260 | _c1997 | ||
| 350 | _a0 | ||
| 490 |
_aFinancial Times _v30 August 1997, 5(2) |
||
| 520 | _aThe system of collective enfranchisement for blocks of flats is working quite well. Highlights the Cadogan estate case where the landlord is seeking to establish the validity of receiving a fuller share of the reversionary value on a short existing lease. | ||
| 650 | _aCADOGAN ESTATE | ||
| 650 | _aCOLLECTIVE ENFRANCHISEMENT | ||
| 650 | _aFLATS | ||
| 650 | _aLANDS TRIBUNAL | ||
| 650 | _aLEASEHOLD ENFRANCHISEMENT | ||
| 650 | _aLEASEHOLD REFORM, HOUSING AND URBAN DEVELOPMENT ACT 1993 | ||
| 690 | _aLANDLORD AND TENANT-LEASEHOLD REFORM | ||
| 942 | _n0 | ||
| 948 | _c01/09/1997 | ||
| 999 |
_c50738 _d50738 |
||